000
00259nam a2200121Ia 4500
100
_a
Bhandarkar/B.G.
650
_a
Physics
942
_c
BK
245
_a
Applied Physics
260
_b
VRINDA PRAKASHAN
_a
Jalgaon
_c
1999
082
_a
530/BHA
546
_a
ENGLISH
999
_c
35066
_d
35066